Normal view
MARC view
- Rizwan Ahmed Sumra
Entry Personal Name
001 - CONTROL NUMBER
- control field: 92104
003 - CONTROL NUMBER IDENTIFIER
- control field: NUST
005 - DATE AND TIME OF LATEST TRANSACTION
- control field: 20220701173457.0
008 - FIXED-LENGTH DATA ELEMENTS
- fixed length control field: 220701|| aca||aabn | a|a d
040 ## - CATALOGING SOURCE
- Original cataloging agency: NUST
- Transcribing agency: NUST
100 ## - HEADING--PERSONAL NAME
- Personal name: Rizwan Ahmed Sumra
670 ## - SOURCE DATA FOUND
- Source citation: Work cat.: (NUST)9056: Rizwan Ahmed Sumra., Supervisory control and data acquistion : environment development , 2005.
